2006 FIFA World Cup Final Italy - France - Statistics

General Stats
  • This quiz has been taken 1,123 times
  • The average score is 19 of 30
Answer Stats
Player % Correct
Gianluigi Buffon
98%
Zinédine Zidane ¹
97%
Fabio Cannavaro
90%
Thierry Henry
90%
Andrea Pirlo
88%
Marco Materazzi ¹
85%
Fabien Barthez
82%
Alessandro Del Piero
81%
Francesco Totti
80%
Gennaro Gattuso
77%
Gianluca Zambrotta
71%
Luca Toni
71%
David Trezeguet
70%
Fabio Grosso
70%
Lilian Thuram
70%
Patrick Vieira
70%
Franck Ribéry
69%
Claude Makélélé
59%
Florent Malouda
55%
Daniele De Rossi
54%
Marcello Lippi
54%
Mauro Camoranesi
54%
Willy Sagnol
51%
Eric Abidal
47%
William Gallas
44%
Raymond Domenech
39%
Simone Perrotta
39%
Sylvain Wiltord
35%
Vincenzo Iaquinta
28%
Alou Diarra
21%
No matching quizzes found
Score Distribution
Percent of People with Each Score
Percentile by Number Answered
Your Score History
You have not taken this quiz